| Record ID | ia:introductiontone0000grab |
| Source | Internet Archive |
| Download MARC XML | https://archive.org/download/introductiontone0000grab/introductiontone0000grab_marc.xml |
| Download MARC binary | https://www.archive.org/download/introductiontone0000grab/introductiontone0000grab_meta.mrc |
LEADER: 02156cam 22005054a 4500
001 ocm52134775
003 OCoLC
005 20180613101704.0
008 030423s2003 enka b 001 0 eng
007 co |g|---uuuuu
010 $a 2003049597
040 $aDLC$beng$cDLC$dUKM$dBAKER$dBTCTA$dYDXCP$dOCLCG$dNUI$dTULIB$dOCLCF$dOCLCO$dOCLCQ$dTHHCU$dAPUMS
015 $aGBA425068$2bnb
019 $a51668348$a148125890$a316536357$a968511117$a992374150$a1012717295$a1027865037
020 $a0321116143$q(pbk.)
020 $a9780321116147$q(pbk.)
035 $a(OCoLC)52134775$z(OCoLC)51668348$z(OCoLC)148125890$z(OCoLC)316536357$z(OCoLC)968511117$z(OCoLC)992374150$z(OCoLC)1012717295$z(OCoLC)1027865037
042 $apcc
050 00 $aQA76.625$b.G72 2003
082 00 $a005.2/762$221
100 1 $aGraba, Jan,$d1952-
245 13 $aAn introduction to network programming with Java /$cJan Graba.
260 $aHarlow, England ;$aNew York :$bPearson/Addison Wesley,$c2003.
300 $axviii, 374 pages :$billustrations ;$c24 cm +$e1 CD-ROM (4 3/4 in.)
336 $atext$btxt$2rdacontent
337 $aunmediated$bn$2rdamedia
338 $avolume$bnc$2rdacarrier
504 $aIncludes bibliographical references and index.
538 $aSystem requirements for the accompanying CD-ROM : Microsoft Windows operating system.
650 0 $aInternet programming.
650 0 $aJava (Computer program language)
650 7 $aInternet programming.$2fast$0(OCoLC)fst00977281
650 7 $aJava (Computer program language)$2fast$0(OCoLC)fst00982065
658 $aSSIL.
658 $aSKTM.
776 08 $iOnline version:$aGraba, Jan, 1952-$tIntroduction to network programming with Java.$dHarlow, England ; New York : Pearson/Addison Wesley, 2003$w(OCoLC)696253225
938 $aBaker & Taylor$bBKTY$c52.00$d52.00$i0321116143$n0004220323$sactive
938 $aBaker and Taylor$bBTCP$n2003049597
938 $aYBP Library Services$bYANK$n2012168
029 1 $aAU@$b000024611760
029 1 $aNLGGC$b249014580
029 1 $aNZ1$b7662694
029 1 $aDEBSZ$b106403982
994 $aZ0$bPMR
948 $hNO HOLDINGS IN PMR - 74 OTHER HOLDINGS